000 00817nam a22002297a 4500
003 OSt
005 20150408114133.0
008 130522s 2000su a g b 00| 0 ara d
020 _a9960355217
040 _aMA-UN-SA
082 _221
_a330.1
_bد خ م
100 _aالدخليل، خالد بن إبراهيم.
_935829
245 _aمقدمة في النظرية الاقتصادية الجزئية /
_cخالد بن إبراهيم الدخيل.
250 _aط. 1.
260 _aالرياض :
_bخ. إ. ، الدخيل،
_c2000، 1420
300 _a652 ص. :
_bإيض. ؛
_c24 سم.
500 _aيشتمل علي مصطلحات.
504 _aقائمة ببليوجرافية.
650 _aالإقتصاد
_xفلسفة.
_916699
650 _aالاقتصاد الجزئي.
_919812
942 _2ddc
_cBOOK
999 _c29991
_d264491